00846njm a22002297a 450000500170000000700150001700800410003202800240007303500130009704000120011010000260012224500630014824600180021126000340022930000860026350000170034950500760036665000380044294200120048099900170049295201070050920100909110131.0sd ammalaaahaa100909t xxu||||| |||| 00| 0 eng d a33SX 1512bColumbia aGR-01417 aSED/VEN aRichard, Cliff919065 aCliff's hit album /cby Cliff Richardh[sound recording] : aCliff Richard aDum Dum IndiabColumbiac1962 a1 sound disc [Gramophone record] :banalog, 33 1/3 rpmc12 in.fGramophone Record aBrief Record aMove it i (Samwell) B. F. wood part 1, Ilove you (Welch) Bellnda part 2 aOrchestraxExcerptszIndia919066 2ddccGR c44653d44653 00102ddc40718NFICaLbAGd2010-09-09eSED/VENl0pGR-01417r2010-09-09 00:00:00t1w2010-09-09yGR